000 00730nam a22002297a 4500
999 _c64547
_d64547
005 20240530110737.0
008 180904s2010 ua a g b 000 0 ara d
017 _a2010/4189
_bمصر. دار الكتب
020 _a9775264146
040 _aEG-CaGPL
_cEG-CaGPL
082 0 4 _221
_a212.2\
_bع ش
100 0 _aعبدالوهاب فتال
245 1 0 _aشباب حتى النهاية /
_cعبدالوهاب فتال
250 _aط.1
260 _aالقاهرة :
_bالمكتب الجامعى الحديث ،
_c2010 .
300 _a132 ص. ؛
_c20 سم.
650 0 7 _aالتوحيد
_2qrmak
650 0 7 _aالصلاة
_2qrmak
651 _2qrmak
942 _2ddc
_cBK